Normal view
MARC view
Entry Topical Term
001 - CONTROL NUMBER
- control field: 1838
003 - CONTROL NUMBER IDENTIFIER
- control field: BD-RjUL
005 - DATE AND TIME OF LATEST TRANSACTION
- control field: 20220312111031.0
008 - FIXED-LENGTH DATA ELEMENTS
- fixed length control field: 220312|| aca||aabn | a|a d
040 ## - CATALOGING SOURCE
- Original cataloging agency: BD-RjUL
- Transcribing agency: BD-RjUL
150 ## - HEADING--TOPICAL TERM
- Topical term or geographic name entry element: Financial Economic
- Form subdivision: Exchange of Securities
- General subdivision: Capital Market
670 ## - SOURCE DATA FOUND
- Source citation: Work cat.: (BD-RjUL)79548: Rahman, Md. Hafizur 1837, Development of Capital Market in Bangladesh :, 2003